000
00307nam a2200133Ia 4500
008
190216s9999||||xx |||||||||||||| ||und||
100
_a
Arthur Naiman
245
0
_a
Introduction To Wordstar
250
_a
second
260
_b
Bpb Publications
300
_a
208 p
650
_a
Computer Science
942
_c
BK
999
_c
8438
_d
8438